The 40 Largest Cities in Eastern Europe - Statistics

General Stats
  • This quiz has been taken 83 times
  • The average score is 28 of 40
Answer Stats
City Population % Correct
12.7M Moscow
100%
2.78M Warsaw
99%
16.0M Istanbul
96%
5.58M St. Petersburg
96%
3.02M Kyiv
95%
2.26M Prague
95%
3.63M Athens
94%
2.30M Bucharest
94%
2.99M Budapest
94%
1.23M Krakow
92%
1.66M Sofia
92%
1.68M Belgrade
91%
2.25M Minsk
88%
1.21M Zagreb
87%
1.41M Kharkiv
79%
870K Riga
79%
1.16M Lodz
77%
882K Donetsk
76%
993K Gdansk
74%
1.29M Kazan
73%
1.00M Thessaloniki
72%
1.14M Rostov-on-Don
65%
993K Volgograd
65%
861K Wroclaw
65%
1.53M Yekaterinburg
64%
1.14M Ufa
63%
3.02M Katowice
62%
937K Dnipro
60%
1.00M Odesa
59%
1.15M Samara
56%
1.08M Perm
54%
919K Poznan
54%
1.01M Krasnodar
47%
1.18M Omsk
42%
1.24M Chelyabinsk
41%
1.25M Nizhny Novgorod
41%
1.08M Voronezh
41%
1.70M Novosibirsk
37%
1.17M Krasnoyarsk
24%
917K Tyumen
14%
No matching quizzes found
Score Distribution
Percent of People with Each Score
Percentile by Number Answered
Your Score History
You have not taken this quiz